000 00784nam a22001937a 4500
999 _c61287
_d61287
003 Ge_BSU
005 20240125173842.0
008 240125s1988 ge ||||| |||| 00| 0 geo d
041 _ageo
080 _a94 Б-90
100 _aБудзишвили, Тамар
_921137
245 _aВосточный вопрос в истории римского государства конца III первой половины II веков :
_bДисертация /
_cТамар Будзишвили; Научный куководитель Л.Д. Саникидзе.
264 _aЕбилиси,
_c1988.
300 _a142 стр.
_b30 см.
653 _aистория
653 _aისტორია
700 _aСаникидзе, Л. Д.
_921138
942 _2udc
_cᲬᲘᲒᲜᲘ